000 00737nam a2200229 i 4500
001 94120
003 ES-MaACL
005 20230906181413.0
007 t|
008 050621s1994 sp ||||1| spa d
020 _a84-89185-00-X
080 _a914.602.7
080 _a806.0-311(460.27)
100 1 _aDotú, Javier.
_945469
245 1 0 _aOrigen y significado de los nombres de los pueblos de la Comunidad de Madrid /
_cJavier Dotú ; prólogo, Antonio Fraguas "Forges".
260 _aMadrid :
_bJD,
_c[1994]
300 _a350 p. :
_bil. ;
_c24 cm.
650 4 _aNombres geográficos-
_zMadrid (Comunidad Autónoma)
_915588
700 1 _aForges,
_d1942-2018
_9176480
852 4 _aES-MaACL
_jL-29198
999 _c94120
_d94120